The Land of Open Sky : Southwest USA /
Mapa de cuatro estados del suroeste de la nación americana, Utah, Colorado, Arizona y Nuevo México, centrado en que comparten características topográficas, históricas y culturales comunes.
Furkejuvvon:
| Váldodahkki: | |
|---|---|
| Eará dahkkit: | , , |
| Materiálatiipa: | Gárta |
| Almmustuhtton: |
Washington, EUA :
National Geographic Society,
1992, c1992
|
| Fáttát: | |
| Fáddágilkorat: |
Eai fáddágilkorat, Lasit vuosttaš fáddágilkora!
|
MARC
| LEADER | 00000nem^a2200000^a^4500 | ||
|---|---|---|---|
| 001 | 000183400 | ||
| 005 | 20250521000000.0 | ||
| 009 | 20260310102041.118 | ||
| 037 | |a Acervo ITESO - Biblioteca | ||
| 041 | |a GRA | ||
| 082 | |a 912. 738 |b GIB | ||
| 100 | |a Gibbons, Debbie J. |e (autor) | ||
| 245 | 1 | 4 | |a The Land of Open Sky : |b Southwest USA / |c D.J. Gibbons ; ed. de T.L. Gray, E.K. Horvath ; texto de M. Nash. |
| 255 | |c O112º-O104º/N38º-N32º | ||
| 255 | |a Escala 1 : 2 382 000 | ||
| 264 | 4 | |a Washington, EUA : |b National Geographic Society, |c 1992, c1992 | |
| 300 | |a 1 mapa | ||
| 336 | |a imagen cartográfica estática |b cri |2 rdacontenido | ||
| 337 | |a sin mediación |b n |2 rdamedio | ||
| 338 | |a mapa |b nz |2 rdasoporte | ||
| 520 | |a Mapa de cuatro estados del suroeste de la nación americana, Utah, Colorado, Arizona y Nuevo México, centrado en que comparten características topográficas, históricas y culturales comunes. | ||
| 546 | |a Edición gráfica con texto en inglés | ||
| 649 | |a XX | ||
| 650 | |a Indígenas de América del Norte - |z Arizona, EUA | ||
| 650 | |a Indígenas de América del Norte - |z Colorado, EUA | ||
| 650 | |a Indígenas de América del Norte - |z Utah, EUA | ||
| 650 | |a Indígenas de América del Norte - |z Nuevo México, EUA | ||
| 650 | |a Artesanía - |z EUA | ||
| 650 | |a Arte Popular - |z EUA | ||
| 650 | |a División Política y Administrativa - |z EUA | ||
| 650 | |a Reservas Ecológicas - |z EUA | ||
| 650 | |a Arizona, EUA - |x Mapas | ||
| 650 | |a Nuevo México, EUA - |x Mapas | ||
| 650 | |a Colorado, EUA - |x Mapas | ||
| 650 | |a Utah, EUA - |x Mapas | ||
| 650 | |a EUA - |x Mapas - |x Tema Principal | ||
| 650 | |a Arizona, EUA - |x Descripción | ||
| 650 | |a Nuevo México, EUA - |x Descripción | ||
| 650 | |a Colorado, EUA - |x Descripción | ||
| 650 | |a Utah, EUA - |x Descripción | ||
| 650 | |a EUA - |x Descripción | ||
| 650 | |a Cartografía - |z EUA | ||
| 650 | |a Geografía - |z EUA | ||
| 740 | 0 | |a Southwest USA / |c D.J. Gibbons ; ed. de T.L. Gray, E.K. Horvath ; texto de M. Nash. | |
| 700 | |a Gray, Thomas L. |e (edición) | ||
| 700 | |a Horvath, Etelka K. |e (edición) | ||
| 700 | |a Nash, Marie |e (texto) | ||
| 910 | |a Fondo General | ||
| 920 | |a Gráficos - Mapas | ||
| 905 | |a 503 | ||
| 901 | |a 0500123799 |b IT2 |c MAP |u 20250521 | ||
| 902 | |a https://opac.biblio.iteso.mx/vufind/Record/000183400 | ||